000 00594nam a2200217Ia 4500
005 20260629163254.0
008 260629s9999||||xx |||||||||||||| ||und||
020 _a9789380658742
_qpbk
082 _a823.92
_bTRI
100 _aTripathi, Amish
245 4 _aThe immortals of Meluha
260 _aChennai
_bWestland
_c2010
300 _axiv, 417p. ; 18 cm.
490 _aShiva trilogy ; Book 1
653 _aEpic fiction
653 _aHistorical fiction, Indian (English)
653 _aIndus civilization
653 _aMythology, Indic
653 _aSiva (Hindu deity)
942 _cBK
999 _c57290
_d57290